000 00279nam a2200133Ia 4500
100 _aWebster & Associates
942 _cBK
654 _apagemaker 5
245 _aPagemaker 5 by example
260 _bBPB Publication
_c1994
300 _a578
546 _aENGLISH
999 _c32063
_d32063